| 000 | 00395pab a2200157 454500 | ||
|---|---|---|---|
| 008 | 180718b2011 xxu||||| |||| 00| 0 eng d | ||
| 100 | _aRaychaudhuri, Diptendra | ||
| 245 | _aLand acquisition: Government as a facilitator is the best opinion | ||
| 260 | _c2011 | ||
| 300 | _ap.7-9. | ||
| 362 | _a4 Jun | ||
| 650 | _aLand acquisition | ||
| 773 | _aMainstream | ||
| 908 | _aN | ||
| 909 | _a91650 | ||
| 999 |
_c91650 _d91650 |
||